000 00244nam a2200085Ia 4500
008 200302s9999 xx 000 0 und d
100 _aAuthor
245 _aUsing Torsteel Grade tor 50 in R C Structures
260 _bFor Steel Research Foundation in India
999 _c945
_d945